| 000 | 01339cam a2200349Ia 4500 | ||
|---|---|---|---|
| 001 | 55734853 | ||
| 003 | OCoLC | ||
| 005 | 20220706135504.0 | ||
| 008 | 040624s2000 sp j 000 f spa d | ||
| 020 | _a8495311194 (pbk.) | ||
| 020 | _a9788495311191 | ||
| 040 |
_aUNAMX _bspa _cUNAMX _dUNAMX _dOCLCQ _dBAKER _dSFR _dUtOrBLW |
||
| 041 | 1 |
_aspa _heng |
|
| 050 | 1 | 4 |
_aPS3503.A923 _bW6518 2000 |
| 092 |
_aTEEN SPANISH F _bBAUM 2000 |
||
| 100 | 1 |
_aBaum, L. Frank _q(Lyman Frank), _d1856-1919. |
|
| 240 | 1 | 0 |
_aWizard of Oz. _lSpanish. |
| 245 | 1 | 3 |
_aEl maravilloso mago de Oz / _cL. Frank Baum ; [traduccion, Bea Villarino]. |
| 250 | _aEd. integra. | ||
| 260 |
_aMadrid : _bMestas Ediciones, _c2000 _g(2003 printing) |
||
| 300 |
_a156 p. ; _c19 cm. |
||
| 336 |
_atext _btxt _2rdacontent. |
||
| 337 |
_aunmediated _bn _2rdamedia. |
||
| 338 |
_avolume _bnc _2rdacarrier. |
||
| 490 | 0 |
_aBarco de papel (Mestas Ediciones) ; _v17. |
|
| 500 | _aTranslation of: The wonderful wizard of Oz. | ||
| 520 | _aAfter being transported by a cyclone to the land of Oz, Dorothy and her dog are befriended by a scarecrow, a tin man, and a cowardly lion, who accompany her to the Emerald City to look for a wizard who can help Dorothy return home to Kansas. | ||
| 650 | 1 | _aFantasy. | |
| 650 | 7 |
_aFantasia. _2bidex. |
|
| 700 | 1 | _aVillarino, Bea. | |
| 942 | _cBK | ||
| 999 |
_c27215 _d27215 |
||